Rc Lens - Tous les joueurs de 2010 à 2025 - Statistiques

Statistiques générales
  • Ce quiz a été pris 702 fois
    221 depuis la dernière actualisation
  • Le résultat moyen est 57 sur 232
Statistiques - réponses
Saisons Nationalités Joueur Nombre
De Matchs
Poste % Correct
2019 - France FlorianSotoca 186 A
89%
2022 - 2025 France BriceSamba 96 G
85%
2020 - 2025 Argentine FacundoMedina 165 D
83%
2019 - France JonathanGradit 182 D
82%
2016 - 2018 Mali MohamedFofana 2 D
81%
2020 - 2023 Cote D'ivoire SekoFofana 112 M
81%
2021 - 2025 Pologne PrzemyslawFrankowski 141 D/M
79%
2021 - 2025 Autriche KevinDanso 128 D
76%
2022 - 2023 Belgique LoisOpenda 42 A
72%
2022 - France AdrienThomasson 94 M
68%
2021 - Colombie DeiverMachado 112 D
66%
2018 - 2024 France Jean - LouisLeca 138 G
66%
2014 - 2017 Mauritanie AbdoulBa 40 D
62%
2018 - 2019 Mauritanie El - HadjiBa 32 M
62%
2020 - 2022 France JonathanClauss 74 D
60%
2020 - 2022 France JonathanVarane 1 M
60%
2010 - 2011 France RaphaelVarane 24 D
60%
2023 - France RubenAguilar 46 D
59%
2021 - France WesleySaid 78 A
59%
2024 - France MalangSarr 23 D
58%
2018 - 2024 Mali MassadioHaidara 168 D
57%
2023 - 2025 Ouzbékistan Abdukodir Khusanov 31 D
56%
2018 - 2022 Mali CheickDoucouré 131 M
53%
2022 - 2025 NouvelleCalédonie AngeloFulgini 82 M
52%
2023 - 2025 Maroc NeilEl Aynaoui 56 M
52%
2023 - 2025 France AndyDiouf 67 M
49%
2016 - 2018 Espagne ChristianLopez 73 A
49%
2023 - 2024 CoteD'Ivoire ElyeWahi 37 A
49%
2018 - 2020 Sénégal ArialMendy 31 D
47%
2020 - 2023 RépubliqueDémocratique Du Congo GaelKakuta 69 M
47%
2023 - 2025 Sénégal NampalysMendy 33 M
47%
2022 - 2024 Ghana SalisAbdul Samed 72 M
47%
2012 - 2017 France BenjaminBourigeaud 114 M
45%
2023 - Equateur JhoannerChavez 23 D
44%
2024 - 2025 Australie MathewRyan 14 G
41%
2020 - 2023 Vénézuela WuilkerFarinez 20 G
41%
2024 - 2025 Angola M'BalaNzola 23 A
40%
2008 - 2014 Tunisie AlaeddineYahia 201 D
39%
2024 - 2025 BurkinaFaso HerveKoffi 6 G
38%
2021 - 2022 Norvège PatrickBerg 19 M
38%
2013 - 2014 France AlphonseAréola 36 G
37%
2024 - 2025 SierraLeone JumaBah 10 D
37%
2016 - 2018 Martinique KévinFortuné 91 A
37%
2018 - 20212022 - 2023 Cap - Vert StevenFortes 57 D
36%
2024 - 2025 Maroc AnassZaroury 28 M/A
35%
2021 - 2022 France BrayannPereira 2 D
35%
2019 - 2025 Portugal DavidCosta 123 M
35%
2023 - 20242025 - Guinée MorganGuilavogui 28 A
35%
2013 - 2016 Argentine PabloChavarria 100 A
35%
2020 - 2022 France ArnaudKalimuendo 65 A
34%
2019 - 2022 France YannickCahuzac 73 M
34%
2022 - 2023 Pologne AdamBuksa 8 A
32%
2018 - 2020 Belgique GuillaumeGillet 56 M
32%
2020 - 2022 Cameroun IgnatiusGanago 57 A
32%
2016 - 2018 France NicolasDouchez 46 G
32%
2010 - 2012 Cote D'ivoire Serge Aurier 56 D
32%
2015 - 20172018 - 2021 RépubliqueDémocratique Du Congo SimonBanza 99 A
32%
2019 - 2020 Brésil VitorCosta 5 D
32%
2012 - 2015 Tunisie YoannTouzghar 91 A
32%
2011 - 2016 Madagascar LalainaNomenjanahary 133 A
31%
2017 - 2019 Mali SouleymaneDiarra 68 M
31%
2010 - 2012 Belgique ThorganHazard 16 M/A
31%
2007 - 2011 Croatie VedranRunje 148 G
31%
2024 - 2025 Uruguay MartinSatriano 7 A
30%
2010 - 2012 RépubliqueCentrafricaine GeoffreyKondogbia 40 M
29%
2015 - 2019 France JérémyVachoux 70 G
29%
2016 - 2018 Trinité etTobago JohnBostock 49 M
29%
2019 - 2020 Guinée JulesKeita 6 A
29%
2020 - 2021 France LoicBadé 33 D
29%
2012 - 2015 France RudyRiou 88 G
29%
2006 - 20092010 - 2011 Mali SidyKeita 84 M
29%
2017 - 2020 Algérie WalidMesloub 67 M
29%
2005 - 2013 France YohanDemont 337 D
29%
2016 - 2019 Haiti Jean - KévinDuverne 103 D
28%
2011 - 2015 France LudovicBaal 148 D
28%
2013 - 2015 France AdamoCoulibaly 74 A
27%
2013 - 2015 Belgique BaptisteGuillaume 36 A
27%
2019 - 2021 Mali CheickTraoré 15 D
27%
2019 - 2022 France CorentinJean 54 A
27%
2015 - 2018 Serbie Dusan Cvetinovic 89 D
27%
2022 - 2023 Cameroun JeanOnana 23 M
27%
2022 - 2025 France JimmyCabot 11 M
27%
2015 - 2017 France KennyLala 75 D
27%
2018 - 2021 Serbie AleksandrRadovanovic 37 D
26%
2016 - 2019 Haiti Jean - RicnerBellegarde 74 M
26%
2022 - 20232024 - 2025 France RémyLabeau Lascary 12 A
26%
2012 - 2016 France WylanCyprien 114 M
26%
2016 - 2018 France AbdellahZoubir 73 A
25%
2021 - 2022 Cameroun ChristopherWooh 17 D
25%
2012 - 2016 France PierrickValdivia 121 M
25%
2019 - 2021 France TonyMauricio 58 M/A
25%
2022 - 2023 France AlexisClaude - Maurice 22 M
24%
2014 - 2015 Mali BoubacarSylla 8 D
24%
2017 - 2018 France ClémentChantome 23 M
24%
2024 - Nigéria HamzatOjediran 17 M
24%
2005 - 20072008 - 2011 Tunisie IssamJemaa 146 A
24%
2020 - 2021 Guinée IssiagaSylla 21 D
24%
2012 - 2015 France JeromeLe Moigne 104 M
24%
2016 - 2018 Égypte KarimHafez 47 D
24%
2022 - 2023 Pologne LukaszPoreba 12 M
24%
2016 - 2018 France MoussaSylla 2 D
24%
2019 - 2021 France ZakariaDiallo 26 D
24%
2013 - 2014 Serbie DanijelLjuboja 33 A
23%
2006 - 2011 Serbie NenadKovacevic 152 M
23%
2018 - 2019 France CorentinCal 2 D
22%
2014 - 2019 France ValentinBelon 10 G
22%
2018 - 2019 Sénégal YannickGomis 47 A
22%
2019 - 2021 France ClémentMichelin 54 D
21%
2019 - 2020 France GaetanRobail 27 A
21%
2024 - 2025 Suède JeremyAgbonifo 8 A
21%
2022 - 2023 France JulienLe Cardinal 11 D
21%
2006 - 2011 Portugal MarcoRamos 132 D
21%
2023 - 2024 Colombie OscarCortes 4 A
21%
2014 - 2016 Angleterre TaylorMoore 10 D
20%
2010 - 2014 France AlassaneTouré 63 D
19%
2023 - 2024 Belgique AyandaSishuba 8 M
19%
2007 - 20082010 - 2013 Belgique DavidPollet 80 A
19%
2012 - 2016 Sénégal DéméN'diaye 87 A
19%
2013 - 2017 France LoickLandre 88 D
19%
2018 - 2019 Guadeloupe ThierryAmbrose 41 A
19%
2024 - 2025 France TomPouilly 10 M
19%
2013 - 2015 Maroc Ahmed Kantari 64 D
18%
2009 - 2013 Tunisie HamdiKasraoui 36 G
18%
2012 - 2016 Cote D'ivoire Jean - PhilippeGbamin 99 M
18%
2013 - 2014 Cameroun Edgar Salli 33 A
17%
2009 - 2012 Brésil Eduardo 87 A
17%
2008 - 2011 Mali EricChelle 87 D
17%
2018 - 2019 France FabienCentonze 40 D
17%
2019 - 20212022 - 2023 Comores IsmaelBoura 37 D
17%
2015 - 2016 France JorisDelle 22 G
17%
2016 - 2017 RépubliqueCentrafricaine HabibHabibou 14 A
16%
2016 - 2017 AfriqueDu Sud KermitErasmus 13 A
16%
2018 - 2019 Algérie MehdiTahrat 28 D
16%
2016 - 2019 Maroc MounirChouiar 50 A
16%
2017 - 2018 Espagne AlvaroLemos 9 D
15%
2018 - 2022 France CharlesBoli 19 A
15%
2015 - 2017 France MathiasAutret 77 M
15%
2013 - 2015 Maroc AlharbiEl Jadeyaoui 36 A
14%
2015 - 2016 Cameroun ChristianBekamenga 14 A
14%
2016 - 2018 Bénin DjimanKoukou 49 M
14%
2009 - 2011 Cameroun HenryBedimo 56 D
14%
2007 - 20082009 - 2011 Cote D'ivoire KangaAkalé 81 A
14%
2017 - 2019 Niger MoussaMaazou 11 A
14%
2011 - 2014 France Pierre Ducasse 51 M
14%
2007 - 2011 France TofilouMaoulida 120 A
14%
2011 - 2012 Tunisie ChaoukiBen Saada 38 A
13%
2013 - 2015 Guadeloupe DimitriCavaré 23 D
13%
1999 - 2001 2010 - 2012 France FranckQueudrue 87 D
13%
2012 - 2014 Angola JérémieBela 24 A
13%
2016 - 2018 France AbdelrafikGérard 45 M
12%
2017 - 2018 Australie AlexGersbach 14 D
12%
2019 - 2021 Sénégal AnsouSow 2 A
12%
2015 - 2017 France AnthonyScaramozzino 38 D
12%
2017 - 2018 Cote D'ivoire BriceDja Djedje 14 D/M
12%
2017 - 20192020 - 2021 BurkinaFaso CyrilleBayala 41 A
12%
2017 - 2018 France FrédéricDuplus 25 D
12%
2015 - 2016 Sénégal GuiraneN'daw 10 M
12%
2017 - 2018 Croatie IvanLendric 11 A
12%
2011 - 2012 Haiti Jean - EudesMaurice 20 A
12%
2015 - 2016 RépubliqueDémocratique Du Congo JordanIkoko 35 D
12%
2017 - 2019 Mali ModiboSagnan 19 D
12%
2017 - 2020 France MouaadMadri 5 A
12%
2015 - 2017 Danemark PatrickOlsen 26 M
12%
2006 - 2011 Togo RazakBoukari 147 A
12%
2009 - 2013 Mali SambaSow 99 M
12%
2012 - 2015 France SamuelAtrous 3 G
12%
2018 - 2019 Tunisie SeifTeka 14 D
12%
2017 - 2018 France WilliamBianda 9 D
12%
2006 - 20072008 - 2011 Maroc AdilHermach 100 M
11%
2020 - 2023 France AdrienLouveau 1 D
11%
2019 - 2020 Cameroun BenjaminMoukandjo 4 A
11%
2017 - 2018 Grèce ChristosTasoulis 2 D
11%
2014 - 2015 Sénégal MalickSeck 2 A
11%
2016 - 2017 France TeddyChevalier 3 A
11%
2011 - 2012 France WilliamRémy 17 D
11%
2018 - 2019 Maroc AchrafBencharki 26 A
10%
2019 - 2021 France DidierDesprez 3 G
10%
2015 - 2016 France JonathanNanizayamo 21 A
10%
2019 - 2020 France ManuelPerez 24 M
10%
2008 - 2011 France SébastienRoudet 93 M
10%
2016 - 2018 Martinique ThomasEphestion 23 M
10%
2016 - 2017 Belgique ViktorKlonaridis 13 A
10%
2016 - 2017 BurkinaFaso AdamaGuira 8 M
9%
2016 - 2017 Algérie AkimZedadka 7 D
9%
2010 - 2013 France AlexandreCoeff 56 D
9%
2014 - 2016 France AristoteMadiani 29 A
9%
2013 - 2015 France BenjaminBoulenger 21 D
9%
2016 - 2017 Ghana DanielOpare 7 D
9%
2017 - 2018 Brésil Dankler 14 D
9%
2017 - 2019 Serbie FilipMarkovic 25 A
9%
2018 - 2019 France GrejohnKyei 24 A
9%
2011 - 2012 France JulienToudic 28 A
9%
2013 - 2014 RépubliqueDémocratique Du Congo MarcelTisserand 13 D
9%
2017 - 2018 France MaxenceCarlier 4 D
9%
2012 - 2014 Guadeloupe NicolasSaint - Ruf 19 D
9%
2012 - 2013 France AdamaDiakité 8 M
8%
2019 - 2020 Sénégal CheikhCory Sene 3 D
8%
2016 - 2019 Cameroun EnzoEbosse 6 D
8%
2023 - 2024 France FaitoutMaouassa 4 D
8%
2010 - 2011 France GrégorySertic 24 M
8%
2011 - 2012 Algérie MichaelFabre 24 G
8%
2011 - 2012 France PascalBerenguer 26 M
8%
2008 - 2011 France StevenJoseph - Monrose 16 A
8%
2018 - 2020 France TomDucrocq 5 M
8%
2010 - 2013 Maroc ZakaryaBergdich 56 D
8%
2012 - 2013 Guadeloupe Ange - FreddyPlumain 24 A
7%
2011 - 2012 Vénézuela GabrielCichero 8 D
7%
2021 - 2022 France IbrahimaBaldé 7 A
7%
2019 - 2020 France ThomasVincensini 3 G
7%
2017 - 2018 France BenjaminGomel 2 A
6%
2016 - 2018 Maroc BilalBari 3 A
6%
2011 - 2012 Guinée FodéKoita 17 A
6%
2012 - 2014 France JulienLeghait 10 A
6%
2016 - 2017 France NadjiBaouia 1 A
6%
2022 - 2023 France NolanBonte 1 M
6%
2018 - 2020 France NsanaSimon 1 M
6%
2012 - 2015 France PatrickFradj 14 D
6%
2014 - 2015 France QuentinLecoeuche 2 D
6%
2012 - 2013 France AnthonyRogie 5 M
5%
2017 - 2018 France GuillaumeBeghin 6 M
5%
2012 - 2014 France RémyBonne 5 D
5%
2015 - 2016 France StéphaneBesle 15 D
5%
2011 - 2012 France AlexandreCuvillier 11 M
4%
2010 - 2012 France AbdelhakimOmrani 4 M
3%
2011 - 2012 France AliMathlouthi 17 A
3%
2015 - 2017 France HugoRobert 1 D
3%
2019 - 2020 France CorentinLemaire 1 A
2%
2010 - 2011 France DarnelSitu 2 D
2%
2012 - 2013 Israel FirasMugrabi 3 A
2%
2016 - 2017 France MarvinMilville 1 D
1%
2016 - 2017 Serbie MilosZukanovic 1 A
1%
2011 - 2012 Pologne YvanDzierzynski 1 D
1%
Aucun quiz correspondant
Distribution des résultats
% des personnes avec chaque résultat
Percentile par nombre de réponses
Votre historique - résultats
Vous n’avez pas pris ce quiz depuis la dernière actualisation